[Event "AUTO-ADV-4182"]
[Site "http://www.queenalice.com/game.php?id=1572105"]
[Date "2019.5.24"]
[Round "1"]
[White "Artking"]
[Black "sean"]
[Result "0-1"]
[WhiteElo "1849"]
[BlackElo "1932"]

1. e4 c6 2. d4 d5 3. e5 c5 4. f4 e6 5. Nf3 Nc6 6. c3 cxd4 7. cxd4 Nh6 8. Nc3 Be7
9. Bd3 O-O 10. O-O Nf5 11. g4 Nfxd4 12. Nxd4 Nxd4 13. Bb1 Nc6 14. Qd3 g6 15. a3
Bc5+ 16. Kh1 b6 17. b4 Nb8 18. Bb2 Ba6 19. b5 Bb7 20. h3 a6 21. a4 Qh4 22. f5
Nd7 23. f6 Nxe5 24. Qe2 Qxh3+ 0-1

[Event "AUTO-MASTER-2860"]
[Site "http://www.queenalice.com/game.php?id=1576174"]
[Date "2019.7.2"]
[Round "1"]
[White "sean"]
[Black "popcorn"]
[Result "0-1"]
[WhiteElo "1887"]
[BlackElo "2198"]

1. d4 Nf6 2. c4 g6 3. Nc3 Bg7 4. Nf3 d5 5. e3 O-O 6. Be2 c6 7. O-O Nbd7 8. cxd5
cxd5 9. Ne5 e6 10. h4 Ne8 11. h5 Nxe5 12. dxe5 Bxe5 13. h6 Bd7 14. Bb5 Nc7 15.
Bxd7 Qxd7 16. e4 Rfd8 17. Bg5 f6 18. f4 Bxc3 19. bxc3 fxg5 20. fxg5 dxe4 21. Qb3
Qd5 22. Qb4 b6 23. Qe7 Qc5+ 24. Qxc5 bxc5 25. c4 Rab8 26. Rfe1 Rd4 0-1

[Event "AUTO-MASTER-2860"]
[Site "http://www.queenalice.com/game.php?id=1576175"]
[Date "2019.7.2"]
[Round "1"]
[White "popcorn"]
[Black "sean"]
[Result "1-0"]
[WhiteElo "2195"]
[BlackElo "1887"]

1. d4 c6 2. c4 d5 3. Nf3 Nf6 4. Nc3 Bf5 5. e3 Nbd7 6. Bd3 Bxd3 7. Qxd3 e6 8. O-O
dxc4 9. Qxc4 Bd6 10. e4 Nb6 11. Qb3 Be7 12. a4 Qc7 13. Bg5 O-O 14. Rac1 h6 15.
Bh4 c5 16. Nb5 Qb8 17. dxc5 1-0

[Event "AUTO-MASTER-2860"]
[Site "http://www.queenalice.com/game.php?id=1576176"]
[Date "2019.7.2"]
[Round "1"]
[White "sean"]
[Black "Pin"]
[Result "1/2-1/2"]
[WhiteElo "1883"]
[BlackElo "1985"]

1. e4 c5 2. Nc3 Nc6 3. g3 g6 4. Bg2 Bg7 5. d3 d6 6. Be3 Nf6 7. Qd2 O-O 8. Bh6
Bxh6 9. Qxh6 Nd4 10. Qd2 Rb8 11. Nge2 Be6 12. Nxd4 cxd4 13. Ne2 Qb6 14. c3 dxc3
15. Nxc3 Rfc8 16. O-O Qc5 17. Rac1 Qh5 18. h4 a6 19. Ne2 Bg4 20. Nf4 Qh6 21. Qe3
Nd7 22. Nd5 Qf8 23. f3 Be6 24. b3 Bxd5 25. exd5 Nf6 26. f4 Ng4 27. Qe2 h5 28.
Bh3 f5 29. Bxg4 hxg4 30. Qe6+ Kg7 31. Rc4 Re8 32. Rfc1 Qf6 33. d4 Qxe6 34. dxe6
d5 35. Rc7 Kf6 36. Rd7 Kxe6 37. Rcc7 b5 38. Ra7 Ra8 39. Kf2 a5 40. Rdb7 Rxa7 41.
Rxa7 a4 42. Ra6+ Kf7 43. Ra5 axb3 44. axb3 Rb8 45. Ke3 e6 46. Ra7+ Kf6 47. Kd3
b4 48. Kc2 Rb6 49. Kb2 Rb5 50. Rh7 1/2-1/2

[Event "AUTO-MASTER-2860"]
[Site "http://www.queenalice.com/game.php?id=1576177"]
[Date "2019.7.2"]
[Round "1"]
[White "Pin"]
[Black "sean"]
[Result "1/2-1/2"]
[WhiteElo "2093"]
[BlackElo "1958"]

1. e4 c6 2. d4 d5 3. Nc3 dxe4 4. Nxe4 Bf5 5. Ng3 Bg6 6. h4 h5 7. Nf3 Nd7 8. Bd3
Bxd3 9. Qxd3 Ngf6 10. Bg5 e6 11. O-O-O Bd6 12. Rhe1 O-O 13. Ne5 Be7 14. Nxd7
Nxd7 15. Bxe7 Qxe7 16. Nxh5 Qxh4 17. Rh1 Qg5+ 18. Kb1 g6 19. Ng3 Qa5 20. Rh6 Kg7
21. Rdh1 Rh8 22. Rxh8 Rxh8 23. Rd1 Nf6 1/2-1/2

[Event "AUTO-MASTER-2860"]
[Site "http://www.queenalice.com/game.php?id=1576178"]
[Date "2019.7.2"]
[Round "1"]
[White "sean"]
[Black "pestiferous"]
[Result "0-1"]
[WhiteElo "1936"]
[BlackElo "2131"]

1. d4 Nf6 2. c4 g6 3. Nc3 Bg7 4. e3 d6 5. Nf3 O-O 6. Bd3 Nbd7 7. O-O c5 8. Be2
b6 9. Nd2 Bb7 10. h4 e6 11. h5 cxd4 12. exd4 d5 13. cxd5 Nxd5 14. Nf3 N7f6 15.
h6 Bh8 16. Bg5 Qd7 17. Ne5 Qe7 18. Bf3 Rfd8 19. Nxd5 Bxd5 20. Bxd5 Rxd5 21. Rc1
Qf8 22. Rc7 Ne4 23. Rxf7 Nxg5 24. Rxf8+ Rxf8 25. Qg4 Bxe5 26. Qxg5 Bh2+ 0-1

[Event "AUTO-MASTER-2860"]
[Site "http://www.queenalice.com/game.php?id=1576179"]
[Date "2019.7.2"]
[Round "1"]
[White "pestiferous"]
[Black "sean"]
[Result "1-0"]
[WhiteElo "2149"]
[BlackElo "1893"]

1. c4 c6 2. b3 d5 3. d4 Nf6 4. Nc3 Bf5 5. Nf3 Nbd7 6. Ba3 Ne4 7. Qc1 dxc4 8.
bxc4 Qa5 9. Bb2 e6 10. e3 Nxc3 11. Bxc3 Bb4 12. Bxb4 Qxb4+ 13. Nd2 O-O 14. Be2
Qe7 15. O-O c5 16. Nb3 cxd4 17. exd4 b6 18. Rd1 Rac8 19. Qc3 Nf6 20. Rac1 Ne4
21. Qe3 Rfd8 22. Bd3 Nd6 23. c5 bxc5 24. dxc5 Bxd3 25. Rxd3 Nf5 26. Qe4 g6 27.
h3 Rxd3 28. Qxd3 Kg7 29. Qa6 Rc7 30. Qa5 Kg8 31. g4 Nh4 32. Qc3 g5 33. Nd4 Ng6
34. Ne2 Nf8 35. Ng3 Nd7 36. Nh5 Qf8 37. c6 Nb8 38. Nf6+ 1-0

[Event "AUTO-ADV-4199"]
[Site "http://www.queenalice.com/game.php?id=1576254"]
[Date "2019.7.3"]
[Round "1"]
[White "rockaudrey"]
[Black "sean"]
[Result "1-0"]
[WhiteElo "1932"]
[BlackElo "1883"]

1. e4 c6 2. d4 d5 3. Nc3 dxe4 4. Nxe4 Bf5 5. Ng3 Bg6 6. Nf3 e6 7. Bf4 Nf6 8. Qd2
Bd6 9. Bg5 Nbd7 10. Bd3 Bxd3 11. Qxd3 O-O 12. O-O h6 13. Bd2 Qc7 14. Rfe1 Rad8
15. c3 Rfe8 16. Ne4 Nxe4 17. Qxe4 Nf6 18. Qh4 Rd7 19. Ne5 Bxe5 20. Rxe5 Red8 21.
Bxh6 gxh6 22. Qxf6 Kf8 23. Qxh6+ Ke7 24. Rae1 Rd5 25. R5e2 Kd7 26. Re5 Kc8 27.
R5e2 Qa5 28. a3 Qb5 29. Qc1 Qb3 30. h4 Rh5 31. Qf4 Rd7 32. Qg4 Qd5 33. Qg3 a5
34. Qg8+ Kc7 35. Re3 Rxh4 36. Qg3+ 1-0

[Event "AUTO-ADV-4199"]
[Site "http://www.queenalice.com/game.php?id=1576255"]
[Date "2019.7.3"]
[Round "1"]
[White "sean"]
[Black "rockaudrey"]
[Result "0-1"]
[WhiteElo "1938"]
[BlackElo "1856"]

1. e4 c5 2. Nc3 d6 3. g3 Nf6 4. Bg2 Nc6 5. d3 Bg4 6. Nge2 g6 7. O-O Bg7 8. h3
Bd7 9. Be3 O-O 10. Qd2 Ne8 11. Bh6 Qa5 12. Bxg7 Nxg7 13. f4 Nd4 14. Qe3 Nxc2 0-1

[Event "AUTO-ADV-4199"]
[Site "http://www.queenalice.com/game.php?id=1576266"]
[Date "2019.7.3"]
[Round "1"]
[White "holandes"]
[Black "sean"]
[Result "1-0"]
[WhiteElo "1742"]
[BlackElo "1963"]

1. e4 c6 2. d4 d5 3. e5 c5 4. c3 e6 5. Nf3 Nc6 6. Bb5 Ne7 7. Be3 Nf5 8. O-O Nxe3
9. fxe3 Bd7 10. a4 a6 11. Bxc6 Bxc6 12. Qe2 Be7 13. Qf2 O-O 14. Nbd2 cxd4 15.
exd4 b5 16. a5 Rb8 17. b4 Bb7 18. h3 Rc8 19. Rac1 Qd7 20. Nh2 Rc7 21. Qg3 Rfc8
22. Ng4 Bxb4 23. Nh6+ Kh8 24. Rxf7 Qxf7 25. Nxf7+ Rxf7 26. Nb3 Rfc7 27. Qg4 Rc6
28. Nc5 Bxc5 29. dxc5 R8c7 30. Qf3 Kg8 31. Rf1 h6 32. Qg4 Bc8 33. Rf6 Rxc5 34.
Rxh6 Rxc3 35. Qg6 Kf8 36. Rh8+ 1-0

[Event "AUTO-ADV-4199"]
[Site "http://www.queenalice.com/game.php?id=1576267"]
[Date "2019.7.3"]
[Round "1"]
[White "sean"]
[Black "holandes"]
[Result "1-0"]
[WhiteElo "1928"]
[BlackElo "1688"]

1. e4 e5 2. Nf3 Nc6 3. Bb5 Qe7 4. Nc3 Nf6 5. O-O d6 6. d3 h6 7. Nd5 Qd7 8. Nxe5
dxe5 9. Nxf6+ gxf6 10. Qf3 Be7 11. Qh5 Qe6 12. Bc4 1-0

[Event "AUTO-ADV-4199"]
[Site "http://www.queenalice.com/game.php?id=1576274"]
[Date "2019.7.3"]
[Round "1"]
[White "sean"]
[Black "attib"]
[Result "0-1"]
[WhiteElo "1963"]
[BlackElo "1698"]

1. e4 e5 2. Nf3 Nc6 3. Bb5 a6 4. Ba4 b5 5. Bb3 h6 6. Nc3 Nf6 7. d3 Bc5 8. O-O
Bb7 9. Nd5 Nd4 10. Nxd4 Bxd4 11. Nxf6+ Qxf6 12. c3 Bc5 13. Be3 Bb6 14. Bxb6 cxb6
15. Qe2 O-O 16. d4 exd4 17. e5 Qc6 18. f3 dxc3 19. Rac1 Qc5+ 20. Kh1 b4 21. a3
a5 22. Rfd1 Bc6 23. Qc4 Qxc4 24. Bxc4 cxb2 25. Rc2 Ba4 0-1

[Event "AUTO-ADV-4199"]
[Site "http://www.queenalice.com/game.php?id=1576275"]
[Date "2019.7.3"]
[Round "1"]
[White "attib"]
[Black "sean"]
[Result "0-1"]
[WhiteElo "1704"]
[BlackElo "1957"]

1. e4 c6 2. Nf3 d5 3. e5 e6 4. d4 c5 5. Bb5+ Bd7 6. Bxd7+ Qxd7 7. Nc3 Nc6 8. Bg5
Nge7 9. O-O Nf5 10. dxc5 Bxc5 11. a3 O-O 12. Ne4 Bb6 13. Nf6+ gxf6 14. exf6 Kh8
15. Nh4 Nxh4 16. Bxh4 Rg8 17. Qh5 Nd4 18. Bg5 Rg6 19. Bf4 Rag8 20. g3 Bd8 21.
Be5 Nc6 22. h4 Nxe5 23. Qxe5 Bxf6 24. Qe2 Bxh4 25. g4 Rxg4+ 0-1

[Event "AUTO-OPEN-4074"]
[Site "http://www.queenalice.com/game.php?id=1576495"]
[Date "2019.7.6"]
[Round "1"]
[White "kokokinel"]
[Black "sean"]
[Result "1-0"]
[WhiteElo "2120"]
[BlackElo "1891"]

1. f4 e6 2. Nf3 d5 3. e3 Nf6 4. Be2 Nc6 5. O-O Bd6 6. b3 O-O 7. Bb2 Bd7 8. Qe1
Nb4 9. Na3 Ne4 10. d3 Nf6 11. Ne5 Nc6 12. Nxd7 Qxd7 13. Qg3 Qe7 14. Nb5 Nb4 15.
Nxd6 cxd6 16. c4 dxc4 17. bxc4 d5 18. Ba3 a5 19. Rfc1 Rac8 20. Qe1 Qc5 21. d4
Qe7 22. c5 Rb8 23. Bxb4 axb4 24. Qxb4 Ne4 25. Rab1 Rfc8 26. a4 1-0

[Event "AUTO-OPEN-4074"]
[Site "http://www.queenalice.com/game.php?id=1576496"]
[Date "2019.7.6"]
[Round "1"]
[White "sean"]
[Black "kokokinel"]
[Result "0-1"]
[WhiteElo "1898"]
[BlackElo "2114"]

1. e4 e5 2. Nf3 Nf6 3. Nc3 Nc6 4. Bb5 Bb4 5. a3 Bxc3 6. bxc3 O-O 7. d3 h6 8. O-O
a6 9. Bc4 d6 10. Bb2 Ne7 11. Qe2 Ng6 12. d4 Bg4 13. h3 Nf4 14. Qe3 Bxf3 15. Qxf3
c6 16. Rad1 Qc7 17. Bb3 b5 18. Rd2 Rad8 19. Rfd1 d5 20. dxe5 Qxe5 21. exd5 cxd5
22. a4 bxa4 23. Bxa4 Rb8 0-1

[Event "AUTO-OPEN-4074"]
[Site "http://www.queenalice.com/game.php?id=1576523"]
[Date "2019.7.6"]
[Round "1"]
[White "sean"]
[Black "Magogue"]
[Result "0-1"]
[WhiteElo "1869"]
[BlackElo "2089"]

1. e4 e5 2. Nf3 Nc6 3. Bb5 a6 4. Ba4 Nf6 5. Nc3 d6 6. O-O Bd7 7. d3 h6 8. Be3
Be7 9. Nd5 O-O 10. Qd2 Ng4 11. h3 Nxe3 12. Qxe3 Na7 13. Bxd7 Qxd7 14. Nh2 Bg5
15. f4 exf4 16. Nxf4 Nc6 17. c3 Rae8 18. Qg3 Ne5 19. Ng4 Nxg4 20. Qxg4 Qxg4 21.
hxg4 Bxf4 22. Rxf4 Re5 23. Kh2 h5 24. gxh5 Rxh5+ 25. Kg3 Rg5+ 26. Kf3 f6 27. Rf1
Kf7 28. g4 Rh8 29. Kg2 Rb5 30. R1f2 Rg5 31. b3 Rg6 32. d4 Rgh6 33. g5 Rh2+ 34.
Kg1 Rh1+ 35. Kg2 R8h2+ 36. Kg3 Rxf2 37. Rxf2 Rg1+ 38. Kh4 Rh1+ 39. Kg4 Rg1+ 40.
Kh4 Rxg5 41. Rf5 Rg2 42. a3 Ra2 43. Ra5 Re2 0-1

[Event "AUTO-OPEN-4074"]
[Site "http://www.queenalice.com/game.php?id=1576524"]
[Date "2019.7.6"]
[Round "1"]
[White "Magogue"]
[Black "sean"]
[Result "1-0"]
[WhiteElo "2019"]
[BlackElo "1904"]

1. e4 c6 2. d4 d5 3. Nc3 dxe4 4. Nxe4 Bf5 5. Ng3 Bg6 6. Nf3 e6 7. Be2 Nf6 8. O-O
Bd6 9. Ne5 O-O 10. Bg5 Nbd7 11. Nxd7 Qxd7 12. Bxf6 gxf6 13. f4 f5 14. Nh5 Bxh5
15. Bxh5 Kh8 16. Qf3 Rg8 17. Qh3 Rg7 18. c3 Rag8 19. Rf2 c5 20. Rd1 Qc7 21. Qe3
cxd4 22. cxd4 Qa5 23. b3 Qd5 24. Qf3 Rxg2+ 25. Rxg2 Qxf3 26. Bxf3 1-0

[Event "AUTO-OPEN-4074"]
[Site "http://www.queenalice.com/game.php?id=1576525"]
[Date "2019.7.6"]
[Round "1"]
[White "sean"]
[Black "pizzaiolo72"]
[Result "0-1"]
[WhiteElo "1911"]
[BlackElo "2124"]

1. e4 e5 2. Nf3 Nc6 3. Bb5 Nf6 4. Nc3 Bb4 5. d3 d6 6. O-O Bg4 7. a3 a6 8. Bxc6+
bxc6 9. axb4 O-O 10. h3 Bh5 11. Bg5 h6 12. Bxf6 Qxf6 13. Qe2 Qe6 14. Qe3 f5 15.
exf5 Rxf5 16. Nh4 Rf4 17. Qg3 Rxb4 18. f4 Rxb2 19. fxe5 Rxc2 20. Ne4 dxe5 21.
Rfe1 Be2 22. Ng6 Re8 23. Rxa6 Kh7 24. Nxe5 Qxe5 25. Qxe5 Rxe5 26. Ng3 Bxd3 27.
Ra3 Rxe1+ 0-1

[Event "AUTO-OPEN-4074"]
[Site "http://www.queenalice.com/game.php?id=1576526"]
[Date "2019.7.6"]
[Round "1"]
[White "pizzaiolo72"]
[Black "sean"]
[Result "1-0"]
[WhiteElo "2118"]
[BlackElo "1919"]

1. e4 c6 2. f4 d5 3. e5 Bf5 4. Nf3 e6 5. d4 c5 6. c3 Nc6 7. Bb5 Nh6 8. h3 a6 9.
Bxc6+ bxc6 10. O-O Be7 11. Be3 Qb6 12. b3 O-O 13. dxc5 Bxc5 14. Bxc5 Qxc5+ 15.
Qd4 Qxd4+ 16. cxd4 Rfc8 17. Nbd2 a5 18. Rfc1 Rc7 19. Rc5 Kh8 20. Rac1 Ra6 21. g4
Bd3 22. Ne1 Bb5 23. Rxb5 1-0